| 000 | 00638nam a2200277Ia 4500 | ||
|---|---|---|---|
| 001 | Z_3875 | ||
| 003 | CHAP | ||
| 008 | 220113s1980 xx 000 0 und d | ||
| 010 | _a166936 | ||
| 040 | _cCHAP | ||
| 082 | _a636.9 M65 | ||
| 100 |
_aMolinero Zapatero, Juan Martín _977420 |
||
| 245 |
_aConejos : alojamiento y manejo / _cpor Juan Martín Molinero Zapatero |
||
| 260 |
_aBarcelona : _bAedos, _c1980 |
||
| 300 | _a284 p. | ||
| 440 | _a | ||
| 500 | _a | ||
| 503 | _a129533 | ||
| 650 |
_aConejos I. t. _9141104 |
||
| 901 | _a636.9 M65 | ||
| 902 | _aA | ||
| 910 | _a1980 | ||
| 942 | _c1 | ||
| 942 | _cc1 | ||
| 999 |
_c166936 _d166936 |
||